[Event "GER-ch U18 Girls"]
[Site "Willingen"]
[Date "2005.05.15"]
[Round "2"]
[White "Butschek, Tanja"]
[Black "Ruedel, Anita"]
[Result "0-1"]
[WhiteElo "2025"]
[BlackElo "1628"]
[PlyCount "68"]
[EventDate "2005.05.14"]
[EventType "swiss"]
[EventRounds "9"]
[EventCountry "GER"]
[SourceTitle "CBM 106 Extra"]
[Source "ChessBase"]
[SourceDate "2005.07.01"]
[SourceVersion "1"]
[SourceVersionDate "2005.07.01"]
[SourceQuality "1"]

1. e4 e6 2. d4 d5 3. Nc3 Bb4 4. e5 c5 5. Bd2 Ne7 6. dxc5 Bxc5 7. Qg4 Ng6 8. Nf3 Bd7 9. 0-0-0 Bxf2 10. Bd3 Nc6 11. Rhf1 Bc5 12. Rde1 0-0 13. Qh5 Nce7 14. Ng5 h6 15. Nxf7 Rxf7 16. Bxg6 Nxg6 17. Qxg6 Rxf1 18. Rxf1 Qe8 19. Qg4 Kh8 20. Rf3 Bf8 21. Ne2 Rc8 22. Nf4 Kh7 23. Nh5 Rc4 24. Qh3 Qe7 25. Bxh6 gxh6 26. Nf6+ Kh8 27. Nxd7 Bg7 28. Nf6 Qc7 29. Re3 Rxc2+ 30. Kd1 Rc1+ 31. Ke2 Qc2+ 32. Kf3 Rf1+ 33. Kg3 Qf2+ 34. Kg4 Qf4+ 0-1

[Event "GER-ch U18 Girls"]
[Site "Willingen"]
[Date "2005.05.15"]
[Round "3"]
[White "Ruedel, Anita"]
[Black "Gussakovski, Jana"]
[Result "0-1"]
[WhiteElo "1628"]
[BlackElo "2080"]
[PlyCount "60"]
[EventDate "2005.05.14"]
[EventType "swiss"]
[EventRounds "9"]
[EventCountry "GER"]
[SourceTitle "CBM 106 Extra"]
[Source "ChessBase"]
[SourceDate "2005.07.01"]
[SourceVersion "1"]
[SourceVersionDate "2005.07.01"]
[SourceQuality "1"]

1. e4 c5 2. Nf3 g6 3. c3 Bg7 4. d4 cxd4 5. cxd4 d5 6. e5 Nc6 7. Bb5 Nh6 8. Bxc6+ bxc6 9. 0-0 0-0 10. Qc2 Ba6 11. Re1 Rc8 12. Nbd2 f6 13. Nb3 fxe5 14. dxe5 c5 15. Bg5 Nf5 16. Nbd2 Qb6 17. Rad1 h6 18. Bh4 c4 19. Bg3 d4 20. Nf1 Bb7 21. Nh4 Nxh4 22. Bxh4 g5 23. Bg3 Qc6 24. f3 Rcd8 25. Kh1 Rxf3 26. Rd2 Rdf8 27. Qd1 R3f5 28. h3 h5 29. Kg1 Rf2 30. Rxf2 Rxf2 0-1

[Event "Wuerttemberg-ch U16/18 Girls"]
[Site "Friedrichshafen"]
[Date "2005.04.02"]
[Round "7"]
[White "Bonfert, Nadine"]
[Black "Ruedel, Anita"]
[Result "1/2-1/2"]
[WhiteElo "1464"]
[BlackElo "1624"]
[PlyCount "35"]
[EventDate "2005.03.29"]
[EventType "swiss"]
[EventRounds "7"]
[EventCountry "GER"]
[SourceTitle "EXT 2007"]
[Source "ChessBase"]
[SourceDate "2006.11.23"]
[SourceVersion "1"]
[SourceVersionDate "2006.11.23"]
[SourceQuality "1"]

1. e4 e6 2. d4 d5 3. exd5 exd5 4. Nf3 Bd6 5. Bd3 Nf6 6. 0-0 0-0 7. Bg5 Bg4 8. Nbd2 Nbd7 9. c3 c6 10. Qc2 Qc7 11. Bh4 Bh5 12. Bg3 Bxg3 13. hxg3 Bg6 14. Rae1 Rae8 15. Bxg6 hxg6 16. Rxe8 Rxe8 17. Re1 Rxe1+ 18. Nxe1 1/2-1/2

[Event "Wuerttemberg-ch U16/18 Girls"]
[Site "Friedrichshafen"]
[Date "2005.03.31"]
[Round "5"]
[White "Ruedel, Anita"]
[Black "Jehle, Anja"]
[Result "0-1"]
[WhiteElo "1624"]
[BlackElo "1700"]
[PlyCount "72"]
[EventDate "2005.03.29"]
[EventType "swiss"]
[EventRounds "7"]
[EventCountry "GER"]
[SourceTitle "EXT 2007"]
[Source "ChessBase"]
[SourceDate "2006.11.23"]
[SourceVersion "1"]
[SourceVersionDate "2006.11.23"]
[SourceQuality "1"]

1. e4 c5 2. Nf3 d6 3. d4 cxd4 4. Nxd4 Nf6 5. Nc3 e6 6. Bd3 Be7 7. 0-0 0-0 8. Kh1 Qb6 9. Nde2 Nbd7 10. f4 d5 11. e5 Ng4 12. Qe1 f5 13. h3 Nh6 14. Ng1 a6 15. Nf3 Qc7 16. Qg3 Nc5 17. Ng5 Ne4 18. Bxe4 dxe4 19. Bd2 b5 20. Rac1 Nf7 21. Nxf7 Kxf7 22. Ne2 Rd8 23. Be3 Bb7 24. Qf2 Rd7 25. Rg1 g6 26. g4 Bc5 27. Kh2 Bxe3 28. Qxe3 Rad8 29. Qc3 Qxc3 30. Nxc3 e3 31. gxf5 Rd2+ 32. Kg3 gxf5 33. Kh4 b4 34. Nb1 R2d4 35. Rgf1 e2 36. Rf2 Rd1 0-1

[Event "GER-chT U20 Girls"]
[Site "Pori"]
[Date "2004.12.29"]
[Round "6.1"]
[White "Butschek, Tanja"]
[Black "Ruedel, Anita"]
[Result "1-0"]
[WhiteElo "1884"]
[BlackElo "1629"]
[PlyCount "91"]
[EventDate "2004.12.27"]
[EventType "team"]
[EventRounds "7"]
[EventCountry "GER"]
[SourceTitle "EXT 2006"]
[Source "ChessBase"]
[SourceDate "2005.11.24"]
[SourceVersion "1"]
[SourceVersionDate "2005.11.24"]
[SourceQuality "1"]

1. e4 e6 2. d4 d5 3. Nd2 c5 4. exd5 Qxd5 5. Ngf3 cxd4 6. Bc4 Qd6 7. 0-0 Nf6 8. Re1 Be7 9. Nb3 Nc6 10. Nbxd4 Nxd4 11. Qxd4 Qxd4 12. Nxd4 0-0 13. Bf4 Bd7 14. Rad1 Rac8 15. Bb3 Bc6 16. Nxe6 Rfe8 17. Ng5 Nd5 18. Bxd5 Bxd5 19. Rxd5 Bxg5 20. Rxe8+ Rxe8 21. Be3 Bxe3 22. fxe3 Kf8 23. Rd7 Re7 24. Rd8+ Re8 25. Rxe8+ Kxe8 26. Kf2 Ke7 27. Kf3 Kd6 28. Ke4 Ke6 29. c4 b6 30. b4 Kd6 31. Kd4 a6 32. a3 f6 33. g3 g6 34. h3 h6 35. g4 f5 36. gxf5 gxf5 37. h4 h5 38. c5+ bxc5+ 39. bxc5+ Kc6 40. Kc4 Kc7 41. Kd5 Kd7 42. c6+ Kc7 43. Kc5 a5 44. a4 Kc8 45. Kb6 Kb8 46. Kxa5 1-0

[Event "GER-chT U20 Girls"]
[Site "Pori"]
[Date "2004.12.29"]
[Round "5.1"]
[White "Ruedel, Anita"]
[Black "Samorukova, Jana"]
[Result "1-0"]
[WhiteElo "1629"]
[BlackElo "1500"]
[PlyCount "101"]
[EventDate "2004.12.27"]
[EventType "team"]
[EventRounds "7"]
[EventCountry "GER"]
[SourceTitle "EXT 2006"]
[Source "ChessBase"]
[SourceDate "2005.11.24"]
[SourceVersion "1"]
[SourceVersionDate "2005.11.24"]
[SourceQuality "1"]

1. e4 c6 2. d4 d5 3. exd5 cxd5 4. Nf3 Nf6 5. Bg5 e6 6. Nbd2 Be7 7. Bd3 Nc6 8. c3 Bd7 9. 0-0 0-0 10. Qc2 h6 11. Bh4 Rc8 12. Qd1 a6 13. Re1 b5 14. a3 Na5 15. Rb1 Nc4 16. Ne5 Bc6 17. Ndf3 Qb6 18. Bc2 a5 19. Bxf6 Bxf6 20. Qd3 Rfe8 21. Qh7+ Kf8 22. Nxf7 Kxf7 23. Bg6+ Ke7 24. Bxe8 Bxe8 25. Qf5 Kd7 26. Qd3 Qa7 27. h3 Qc7 28. Re2 Bf7 29. Ra1 a4 30. Rae1 g5 31. Qh7 Nd6 32. Qxh6 Qd8 33. Qh7 Qg8 34. Qxg8 Rxg8 35. Nh2 Ne4 36. Ng4 Bg7 37. f3 Ng3 38. Re3 Nf5 39. R3e2 Ng3 40. Rf2 Nf5 41. f4 Bh5 42. Ne5+ Bxe5 43. Rxe5 gxf4 44. Rxf4 Nd6 45. Rxh5 Ne4 46. Rh7+ Kd6 47. g4 Ng5 48. Rh6 Ne4 49. h4 Nd2 50. g5 Nc4 51. Rf2 1-0

[Event "GER-chT U20 Girls"]
[Site "Pori"]
[Date "2004.12.27"]
[Round "1.1"]
[White "Beltz, Franziska"]
[Black "Ruedel, Anita"]
[Result "1-0"]
[WhiteElo "1972"]
[BlackElo "1629"]
[PlyCount "93"]
[EventDate "2004.12.27"]
[EventType "team"]
[EventRounds "7"]
[EventCountry "GER"]
[SourceTitle "EXT 2006"]
[Source "ChessBase"]
[SourceDate "2005.11.24"]
[SourceVersion "1"]
[SourceVersionDate "2005.11.24"]
[SourceQuality "1"]

1. e4 e6 2. d3 d5 3. Nd2 c5 4. Ngf3 Nc6 5. g3 Bd6 6. Qe2 Nge7 7. Bg2 0-0 8. 0-0 Ng6 9. h4 Rb8 10. Re1 f6 11. c3 Qb6 12. Nh2 Nge7 13. Qh5 f5 14. Ndf3 Bd7 15. Ng5 h6 16. Nh3 Be8 17. Qe2 Bf7 18. Nf1 Rbd8 19. Bf4 Bxf4 20. Nxf4 d4 21. e5 Ng6 22. Nxg6 Bxg6 23. f4 dxc3 24. bxc3 c4+ 25. d4 Na5 26. Rab1 Qc7 27. Ne3 Rb8 28. d5 exd5 29. Bxd5+ Kh7 30. Bxc4 Nxc4 31. Qxc4 Qxc4 32. Nxc4 Rfc8 33. Nd6 Rxc3 34. Kf2 Rc2+ 35. Re2 Rxe2+ 36. Kxe2 b6 37. Ke3 Rd8 38. Rc1 Rd7 39. Rc8 Re7 40. Kd4 Rd7 41. Kd5 Re7 42. e6 h5 43. Ke5 a6 44. Nxf5 Bxf5 45. Kxf5 b5 46. Rd8 a5 47. Rd7 1-0

[Event "Wuertemberg-ch U16/18 Girls"]
[Site "Germany"]
[Date "2004.04.16"]
[Round "6"]
[White "Ruedel, Anita"]
[Black "Stroehle, Kathrin"]
[Result "1/2-1/2"]
[WhiteElo "1547"]
[BlackElo "1572"]
[PlyCount "29"]
[EventDate "2004.04.??"]
[EventType "swiss"]
[EventRounds "7"]
[EventCountry "GER"]
[SourceTitle "EXT 2005"]
[Source "ChessBase"]
[SourceDate "2004.11.15"]
[SourceVersion "1"]
[SourceVersionDate "2004.11.15"]
[SourceQuality "1"]

1. e4 e5 2. Nf3 Nc6 3. d4 exd4 4. Nxd4 Bc5 5. Be3 Qf6 6. c3 Nge7 7. Bc4 0-0 8. 0-0 a6 9. Re1 Qg6 10. Nxc6 Qxc6 11. Bxc5 Qxc5 12. Nd2 d6 13. Qe2 Qg5 14. Kh1 Ng6 15. Nf3 1/2-1/2

[Event "Wuertemberg-ch U16/18 Girls"]
[Site "Germany"]
[Date "2004.04.13"]
[Round "2"]
[White "Zach, Cora"]
[Black "Ruedel, Anita"]
[Result "0-1"]
[WhiteElo "1379"]
[BlackElo "1547"]
[PlyCount "76"]
[EventDate "2004.04.??"]
[EventType "swiss"]
[EventRounds "7"]
[EventCountry "GER"]
[SourceTitle "EXT 2005"]
[Source "ChessBase"]
[SourceDate "2004.11.15"]
[SourceVersion "1"]
[SourceVersionDate "2004.11.15"]
[SourceQuality "1"]

1. e4 e6 2. d4 d5 3. e5 c5 4. c3 Qb6 5. Nf3 Nc6 6. Bd3 cxd4 7. cxd4 Bd7 8. Bc2 Bb4+ 9. Nc3 Nge7 10. 0-0 Bxc3 11. bxc3 h6 12. Re1 0-0-0 13. Ba3 Qa5 14. Bxe7 Nxe7 15. Qd3 Bb5 16. Qe3 Rd7 17. Bb3 Rc7 18. Rec1 Nf5 19. Qd2 Kb8 20. Rc2 Rhc8 21. Rac1 Rc6 22. Ne1 Bc4 23. Nd3 Bxb3 24. axb3 Nxd4 25. Rb2 Rxc3 26. Rxc3 Qxc3 27. Qxc3 Rxc3 28. Ne1 Rxb3 29. Rxb3 Nxb3 30. Nd3 a5 31. Kf1 Kc7 32. Ke1 Kc6 33. Kd1 Kb5 34. Kc2 a4 35. Kb2 Kc4 36. Nf4 g6 37. Ka3 b5 38. Ne2 d4 0-1

[Event "GER-chT U20 Girls"]
[Site "Ditzingen"]
[Date "2003.12.28"]
[Round "3.3"]
[White "Ruedel, Anita"]
[Black "Spangenberg, Pia"]
[Result "1-0"]
[WhiteElo "1438"]
[BlackElo "1014"]
[PlyCount "117"]
[EventDate "2003.12.27"]
[EventType "team-swiss"]
[EventRounds "7"]
[EventCountry "GER"]
[SourceTitle "EXT 2022"]
[Source "ChessBase"]
[SourceDate "2021.10.06"]
[SourceVersion "1"]
[SourceVersionDate "2021.10.06"]
[SourceQuality "1"]
[WhiteTeam "Tamm 74 U20 Girls"]
[BlackTeam "Leipzig Lindenau U20 Girls"]
[WhiteTeamCountry "GER"]
[BlackTeamCountry "GER"]

1. e4 e5 2. Nf3 Nf6 3. Nc3 Bb4 4. d3 Nc6 5. Bg5 d6 6. Be2 Be6 7. 0-0 0-0 8. a3 Ba5 9. Qd2 Nd4 10. Rad1 Nxe2+ 11. Qxe2 h6 12. Bh4 Bg4 13. Na4 Bb6 14. h3 Bh5 15. g4 Bg6 16. Nh2 Qe7 17. Nxb6 axb6 18. f4 exf4 19. Rxf4 d5 20. e5 Rfe8 21. Qe1 Qe6 22. exf6 Qxe1+ 23. Rxe1 Rxe1+ 24. Bxe1 Re8 25. Bc3 Re2 26. Rf2 Re3 27. Kg2 c5 28. fxg7 Re6 29. Bf6 b5 30. g5 hxg5 31. Bxg5 Kxg7 32. Bf4 c4 33. dxc4 bxc4 34. Ng4 b5 35. Ne5 Bh7 36. Bg3 Be4+ 37. Kf1 Rf6 38. Rxf6 Kxf6 39. c3 Kg7 40. Ke2 f6 41. Nc6 Bd3+ 42. Ke3 Kf7 43. Nd4 Ke7 44. Nxb5 Kd7 45. h4 Kc6 46. Nd4+ Kb6 47. h5 Ka5 48. h6 Kb6 49. Bh4 Ka5 50. Bxf6 Kb6 51. Kf4 Ka5 52. Ke5 Be4 53. Nf5 Bxf5 54. Kxf5 Kb6 55. h7 Ka5 56. h8Q Ka6 57. Qb8 Ka5 58. Bd8+ Ka6 59. Qb6# 1-0

[Event "GER-chT U20 Girls"]
[Site "Ditzingen"]
[Date "2003.12.27"]
[Round "2.3"]
[White "Weise, Lisa"]
[Black "Ruedel, Anita"]
[Result "0-1"]
[WhiteElo "1277"]
[BlackElo "1438"]
[PlyCount "68"]
[EventDate "2003.12.27"]
[EventType "team-swiss"]
[EventRounds "7"]
[EventCountry "GER"]
[SourceTitle "EXT 2022"]
[Source "ChessBase"]
[SourceDate "2021.10.06"]
[SourceVersion "1"]
[SourceVersionDate "2021.10.06"]
[SourceQuality "1"]
[WhiteTeam "Zeulenroda U20 Girls"]
[BlackTeam "Tamm 74 U20 Girls"]
[WhiteTeamCountry "GER"]
[BlackTeamCountry "GER"]

1. c4 e6 2. Nc3 d5 3. d4 Nf6 4. Nf3 c6 5. g3 Be7 6. Bg2 0-0 7. c5 Nbd7 8. 0-0 b6 9. cxb6 axb6 10. e3 c5 11. Ne2 Ba6 12. Qc2 Qb8 13. b3 Rc8 14. Qd1 Ra7 15. dxc5 bxc5 16. Bb2 c4 17. Bd4 Rb7 18. Rb1 cxb3 19. axb3 Bxe2 20. Qxe2 Rxb3 21. Rxb3 Qxb3 22. Qa6 Qb8 23. Qd3 e5 24. Ba1 e4 25. Qd4 exf3 26. Bxf3 Qd6 27. Kh1 Qe6 28. Rg1 Bf8 29. g4 Rc4 30. Qd1 Ne5 31. g5 Nxf3 32. Qxf3 Ne4 33. Bb2 Rc2 34. Bd4 Nxf2+ 0-1

[Event "Wuerttemberg-ch U18 Girls"]
[Site "Stuttgart"]
[Date "2003.04.22"]
[Round "1"]
[White "Buehrer, Nina"]
[Black "Ruedel, Anita"]
[Result "0-1"]
[WhiteElo "1112"]
[BlackElo "1407"]
[PlyCount "82"]
[EventDate "2003.04.??"]
[EventType "swiss"]
[EventRounds "7"]
[EventCountry "GER"]
[SourceTitle "EXT 2005"]
[Source "ChessBase"]
[SourceDate "2004.11.15"]
[SourceVersion "1"]
[SourceVersionDate "2004.11.15"]
[SourceQuality "1"]

1. e4 e6 2. d4 d5 3. e5 c5 4. Bb5+ Bd7 5. Na3 cxd4 6. b3 Bxb5 7. Nxb5 Qa5+ 8. c3 Qxb5 9. Qxd4 Nc6 10. Qf4 Nge7 11. c4 dxc4 12. bxc4 Qxe5+ 13. Qxe5 Nxe5 14. c5 Nd3+ 15. Ke2 Nxc5 16. Rb1 b6 17. Nf3 Nd5 18. Bd2 Be7 19. Rhc1 0-0 20. Ne5 Bd6 21. Nc6 Rfc8 22. Nd4 Nf4+ 23. Bxf4 Bxf4 24. Rd1 Be5 25. Nf3 Bf6 26. g4 Ne4 27. Ke3 Nc3 28. g5 Bd8 29. Ne5 Nxd1+ 30. Rxd1 Bxg5+ 31. f4 Bf6 32. Ng4 Rc3+ 33. Ke4 Rc2 34. Rg1 Kf8 35. f5 exf5+ 36. Kxf5 Rc5+ 37. Ke4 Re8+ 38. Kf4 Be5+ 39. Kf3 Rc3+ 40. Kg2 Rc2+ 41. Kf3 Rxa2 0-1

[Event "Wuerttemberg-ch U14 Girls"]
[Site "Lindau"]
[Date "2002.04.04"]
[Round "4"]
[White "Ruedel, Anita"]
[Black "Langer, Antje"]
[Result "1-0"]
[WhiteElo "1216"]
[BlackElo "864"]
[PlyCount "49"]
[EventDate "2002.04.??"]
[EventType "swiss"]
[EventRounds "7"]
[EventCountry "GER"]
[SourceTitle "EXT 2003"]
[Source "ChessBase"]
[SourceDate "2002.11.25"]
[SourceVersion "1"]
[SourceVersionDate "2002.11.25"]
[SourceQuality "1"]

1. e4 e5 2. Nf3 Nc6 3. d4 d6 4. dxe5 Bg4 5. exd6 cxd6 6. Bd3 Nf6 7. 0-0 d5 8. exd5 Nxd5 9. Re1+ Be7 10. Be4 Be6 11. Bxd5 Bxd5 12. Nc3 Bxf3 13. Qxf3 0-0 14. Rd1 Qa5 15. Qg3 Rfd8 16. Bf4 Rd7 17. Rxd7 Bc5 18. Rxb7 Bd4 19. Rb5 Qa6 20. Rh5 Bxc3 21. Qxc3 Kf8 22. Rxh7 Rc8 23. Qxg7+ Ke8 24. Qxf7+ Kd8 25. Qd7# 1-0

[Event "GER-chT U14 Girls"]
[Site "Greifswald"]
[Date "2001.12.29"]
[Round "5.1"]
[White "Wolfram, Julia"]
[Black "Ruedel, Anita"]
[Result "1-0"]
[WhiteElo "1297"]
[BlackElo "1243"]
[PlyCount "99"]
[EventDate "2001.12.27"]
[EventType "team-swiss"]
[EventRounds "7"]
[EventCountry "GER"]
[SourceTitle "EXT 2003"]
[Source "ChessBase"]
[SourceDate "2002.11.25"]
[SourceVersion "1"]
[SourceVersionDate "2002.11.25"]
[SourceQuality "1"]
[WhiteTeam "Zeulenroda U14 Girls"]
[BlackTeam "Tamm 74 U14 Girls"]
[WhiteTeamCountry "GER"]
[BlackTeamCountry "GER"]

1. e4 e6 2. d4 d5 3. Nc3 Bb4 4. e5 Ne7 5. a3 Bxc3+ 6. bxc3 Nd7 7. f4 c5 8. Nf3 0-0 9. g4 b6 10. Bg2 Qc7 11. 0-0 Rd8 12. Bd2 Nf8 13. Nh4 Rb8 14. f5 exf5 15. gxf5 Rd7 16. Bf4 Qd8 17. e6 Rd6 18. exf7+ Kxf7 19. Bxd6 Qxd6 20. Qh5+ Kg8 21. Rf3 Qf6 22. Raf1 cxd4 23. Rg3 dxc3 24. Qg5 Qxg5 25. Rxg5 h6 26. Rg3 Kf7 27. Rxc3 Ba6 28. Rd1 Rd8 29. Rc7 Ra8 30. Bxd5+ Kf6 31. Bxa8 Be2 32. Re1 Nxf5 33. Nxf5 Kxf5 34. Rxe2 Kg6 35. Rxa7 Kf6 36. Rf2+ Ke6 37. Rxf8 Kd6 38. Rxg7 Ke6 39. Rf3 h5 40. Rg6+ Ke5 41. Rxb6 Kd4 42. Rb4+ Ke5 43. Re4+ Kd6 44. Rd3+ Kc5 45. Rd5+ Kb6 46. Re6+ Kc7 47. Rc6+ Kb8 48. Rb5+ Ka7 49. h4 Kxa8 50. Ra6# 1-0

[Event "GER-chT U14 Girls"]
[Site "Greifswald"]
[Date "2001.12.27"]
[Round "2.1"]
[White "Ruedel, Anita"]
[Black "Krause Molle, Zarella Eva"]
[Result "1/2-1/2"]
[WhiteElo "1243"]
[BlackElo "1370"]
[PlyCount "67"]
[EventDate "2001.12.27"]
[EventType "team-swiss"]
[EventRounds "7"]
[EventCountry "GER"]
[SourceTitle "EXT 2003"]
[Source "ChessBase"]
[SourceDate "2002.11.25"]
[SourceVersion "1"]
[SourceVersionDate "2002.11.25"]
[SourceQuality "1"]
[WhiteTeam "Tamm 74 U14 Girls"]
[BlackTeam "Porz SG U14 Girls"]
[WhiteTeamCountry "GER"]
[BlackTeamCountry "GER"]

1. e4 e5 2. Nf3 Nc6 3. d4 exd4 4. Nxd4 Bc5 5. Nb3 Bb6 6. Bd3 d6 7. Nc3 h6 8. 0-0 Nf6 9. Qe2 0-0 10. Kh1 Re8 11. Qf3 Ne5 12. Qe2 Ng6 13. f4 Bd7 14. Nd2 c6 15. Nc4 Bc7 16. Nd2 Bg4 17. Nf3 Nh4 18. Be3 Ng6 19. h3 Bd7 20. Rae1 Nh5 21. Qf2 Qc8 22. f5 Ne7 23. g4 Nf6 24. Qh4 Nh7 25. Rg1 Bd8 26. Qg3 Bc7 27. Qg2 f6 28. Bc4+ Kh8 29. Qf2 b5 30. Bd3 Qd8 31. h4 Rf8 32. Qg2 Qe8 33. g5 fxg5 34. hxg5 1/2-1/2

[Event "BEM-ch U14 Girls"]
[Site "Tamm"]
[Date "2001.02.03"]
[Round "3"]
[White "Kurz, Silke"]
[Black "Ruedel, Anita"]
[Result "1/2-1/2"]
[WhiteElo "945"]
[BlackElo "1040"]
[PlyCount "27"]
[EventDate "2001.??.??"]
[EventType "swiss"]
[EventRounds "5"]
[EventCountry "GER"]
[SourceTitle "EXT 2003"]
[Source "ChessBase"]
[SourceDate "2002.11.25"]
[SourceVersion "1"]
[SourceVersionDate "2002.11.25"]
[SourceQuality "1"]

1. f3 g6 2. g4 Bg7 3. Bg2 d6 4. Nc3 Nf6 5. Nh3 0-0 6. d3 Nc6 7. Bg5 b6 8. e3 Bb7 9. 0-0 e6 10. Qe1 Qd7 11. Nf4 Rfe8 12. Qf2 e5 13. Nfd5 Nxd5 14. Nxd5 1/2-1/2